000 01086nam a2200277 i 4500
003 EG-GICUC
005 20260414131928.0
008 260414s1904 Fr |||fr|||| 00| 0 fre d
040 _aEG-GiCUC
_bfre
_cEG-GiCUC
_dEG-GiCUC
_eRda
082 0 4 _221
_a343.81
_bPO . D
092 0 4 _221
099 _aLaw1 10 343.81 PO . D 1904
100 1 _aPoittevin, Gustave Le
_eAuteur
245 1 0 _aDictionnaire-formulaire De La Simple Police a L'usage Des Juges, Greffiers, Maires, Magistrats Du Ministére Public Et Des Officiers De Polic Judiciaire.
_nTome Premier,
_pA - H /
_cPar Gustave Le Poittevin.
264 1 _aParis :
_bLibrairie Nouvelle De Droit Et De Jurisprudence Arthur Rousseau, Éditeur,
_c1904.
300 _a604 page;
_c 24 cm.
336 _2rda contenu
_a texte
337 _2rda medias
_aOrdinateur
338 _2 transporteur rda
_a Ressource en ligne
650 1 _aSciences Techniques Policières
_2qrmak
650 1 _aDroit Do Pénal
_2qrmak
651 1 _2qrmak
856 4 0 _uhttps://fll.law.cu.edu.eg/fulltext/bks/B10-09299.pdf
905 _a54
942 _2ddc
_cBK
_e21
_n0
999 _c70913
_d70913